ECOLOGY (Record no. 11367)
[ view plain ]
| 000 -LEADER | |
|---|---|
| fixed length control field | 00424nam a2200157Ia 4500 |
| 022 ## - INTERNATIONAL STANDARD SERIAL NUMBER | |
| ISSN | 0012-9658 |
| 245 #0 - TITLE STATEMENT | |
| Title | ECOLOGY |
| 247 ## - FORMER TITLE | |
| Title | Plant World |
| 260 ## - PUBLICATION, DISTRIBUTION, ETC. (IMPRINT) | |
| Name of publisher | Ecological Society of America, Arizona' |
| Place of publication | New York |
| 310 ## - CURRENT PUBLICATION FREQUENCY | |
| Current publication frequency | BM |
| 500 ## - GENERAL NOTE | |
| General note | Ending Volume & Year: 71, 1990 |
| 500 ## - GENERAL NOTE | |
| General note | Missing Volume: 70;63 |
| 500 ## - GENERAL NOTE | |
| General note | Starting Volume & Year: 56, 1975 |
| 942 ## - ADDED ENTRY ELEMENTS (KOHA) | |
| Koha item type | Bound Journal |
| Withdrawn status | Lost status | Damaged status | Not for loan | Home library | Current library | Date acquired | Accession Number | Koha item type |
|---|---|---|---|---|---|---|---|---|
| Bound journals | RRII Library | RRII Library | 31/12/2021 | 11264J | Bound Journal |